ბათუმის შოთა რუსთაველის სახელმწიფო უნივერსიტეტის ბიბლიოთეკა

Психология обучения. №11. 2014. Ноябрь (ბიბ.ჩანაწერი № 47704)

000 -LEADER
fixed length control field 00373nam a2200133Ia 4500
001 - CONTROL NUMBER
control field 14575
003 - CONTROL NUMBER IDENTIFIER
control field GE_BSU
008 - FIXED-LENGTH DATA ELEMENTS--GENERAL INFORMATION
fixed length control field 181216s||||||||xx |||||||||||||| ||und||
040 ## - CATALOGING SOURCE
Transcribing agency GE_BSU
245 ## - TITLE STATEMENT
Title Психология обучения. №11. 2014. Ноябрь
245 ## - TITLE STATEMENT
Statement of responsibility, etc. Гл.ред.Бархаев Б.П.
653 ## - INDEX TERM--UNCONTROLLED
Uncontrolled term Психология обучения.
942 ## - ADDED ENTRY ELEMENTS (KOHA)
Koha item type პერიოდიკა

არაა ხელმისაწვდომი ეგზემპლარები.